| 000 | 00665nam a2200217Ia 4500 | ||
|---|---|---|---|
| 003 | IN-BaIIA | ||
| 008 | 211028s9999 xx 000 0 eng d | ||
| 020 | _a0-470-83997-X | ||
| 040 | _cIIA Library | ||
| 080 |
_a535-4 _bSWI |
||
| 245 | 0 |
_aPolarized light _cedited by William Swindell |
|
| 260 |
_aStroudsburg _bDowden, Huchinson and Ross _c1975 |
||
| 300 | _axiii, 418p. | ||
| 490 | _aBenchmark Papers in Optics; v. 1/edited by Stanley S Ballard | ||
| 650 |
_a Optical Activity _98583 |
||
| 650 |
_a Optical Elasticity _98584 |
||
| 650 |
_a Polarized Light _98585 |
||
| 650 | _aNASA Thesaurus | ||
| 700 |
_aSwindell, William., ed. _98586 |
||
| 942 | _cBK | ||
| 999 |
_c4821 _d4821 |
||